|
|
|
|
| LEADER |
01406nam a2200373 a 4500 |
| 001 |
EBC1092764 |
| 003 |
MiAaPQ |
| 005 |
20200520144314.0 |
| 006 |
m o d | |
| 007 |
cr cn||||||||| |
| 008 |
121213s2012 enk s 001 0 eng d |
| 020 |
|
|
|z 9780415539418
|
| 020 |
|
|
|a 9780203108222 (electronic bk.)
|
| 035 |
|
|
|a (MiAaPQ)EBC1092764
|
| 035 |
|
|
|a (Au-PeEL)EBL1092764
|
| 035 |
|
|
|a (CaPaEBR)ebr10632515
|
| 035 |
|
|
|a (CaONFJC)MIL417446
|
| 035 |
|
|
|a (OCoLC)823387041
|
| 040 |
|
|
|a MiAaPQ
|c MiAaPQ
|d MiAaPQ
|
| 043 |
|
|
|a e-uk---
|
| 050 |
|
4 |
|a HG1572
|b .L43 2012
|
| 100 |
1 |
|
|a Le Cheminant, Keith.
|
| 245 |
1 |
0 |
|a Colonial and foreign banking systems
|h [electronic resource] /
|c Keith le Cheminant.
|
| 260 |
|
|
|a Abingdon, Oxon :
|b Routledge,
|c 2012.
|
| 300 |
|
|
|a vii, 238 p.
|
| 490 |
0 |
|
|a Routledge library editions. Banking & finance ;
|v v. 19
|
| 500 |
|
|
|a First published in 1924.
|
| 500 |
|
|
|a Includes index.
|
| 505 |
0 |
|
|a pt. I. General banking -- pt. II. Colonial banking -- pt. III. Foreign banking.
|
| 533 |
|
|
|a Electronic reproduction. Ann Arbor, MI : ProQuest, 2015. Available via World Wide Web. Access may be limited to ProQuest affiliated libraries.
|
| 650 |
|
0 |
|a Banks and banking
|z Great Britain
|x Colonies.
|
| 655 |
|
4 |
|a Electronic books.
|
| 710 |
2 |
|
|a ProQuest (Firm)
|
| 856 |
4 |
0 |
|u https://ebookcentral.proquest.com/lib/matrademy/detail.action?docID=1092764
|z Click to View
|